Bài tập hóa học đại cương : (Tự luận và trắc nghiệm)

Spremljeno u:
Bibliografski detalji
Glavni autor: Nguyễn, Đức Chung
Format: Knjiga
Jezik:Undetermined
Izdano: Thành phố Hồ Chí Minh Đại học Quốc gia 2003
Teme:
Oznake: Dodaj oznaku
Bez oznaka, Budi prvi tko označuje ovaj zapis!
Thư viện lưu trữ: Trung tâm Học liệu Trường Đại học Cần Thơ
LEADER 00643nam a2200205Ia 4500
001 CTU_129134
008 210402s9999 xx 000 0 und d
020 |c 25000 
082 |a 540.76 
082 |b Ch513 
100 |a Nguyễn, Đức Chung 
245 0 |a Bài tập hóa học đại cương : (Tự luận và trắc nghiệm) 
245 0 |c Nguyễn Đức Chung 
260 |a Thành phố Hồ Chí Minh 
260 |b Đại học Quốc gia 
260 |c 2003 
650 |a Chemistry 
650 |x Problems, exercises, etc. 
904 |i Minh 
980 |a Trung tâm Học liệu Trường Đại học Cần Thơ